| 000 | 00420pab a2200145 454500 | ||
|---|---|---|---|
| 008 | 180718b1990 xxu||||| |||| 00| 0 eng d | ||
| 100 | _aSubha Reddy, N. | ||
| 245 |
_aMandal Commission Report on backward classes _bShould it be revived or revised? |
||
| 260 | _c1990 | ||
| 300 | _a120-31 | ||
| 362 | _aMar. | ||
| 650 | _aBackward Classes - India | ||
| 773 | _aBulletin : Madras Development Seminar Series | ||
| 909 | _a4573 | ||
| 999 |
_c4573 _d4573 |
||